ბათუმის შოთა რუსთაველის სახელმწიფო უნივერსიტეტის ბიბლიოთეკა

პროზა (ბიბ.ჩანაწერი № 48477)

000 -LEADER
fixed length control field 00548nam a2200205Ia 4500
001 - CONTROL NUMBER
control field 15371
003 - CONTROL NUMBER IDENTIFIER
control field GE_BSU
008 - FIXED-LENGTH DATA ELEMENTS--GENERAL INFORMATION
fixed length control field 181216s||||||||xx |||||||||||||| ||und||
040 ## - CATALOGING SOURCE
Transcribing agency GE_BSU
080 ## - UNIVERSAL DECIMAL CLASSIFICATION NUMBER
Universal Decimal Classification number 821.353.1-32
100 ## - MAIN ENTRY--PERSONAL NAME
Personal name ქუჩიშვილი,გიორგი
245 ## - TITLE STATEMENT
Title პროზა
245 ## - TITLE STATEMENT
Statement of responsibility, etc. პ/მგ რედ.კ.ბობოხიძე
260 ## - PUBLICATION, DISTRIBUTION, ETC.
Place of publication, distribution, etc. თბილისი
260 ## - PUBLICATION, DISTRIBUTION, ETC.
Name of publisher, distributor, etc. სახელგამი
260 ## - PUBLICATION, DISTRIBUTION, ETC.
Date of publication, distribution, etc. 1941
300 ## - PHYSICAL DESCRIPTION
Extent 227გვ.15სმ.
653 ## - INDEX TERM--UNCONTROLLED
Uncontrolled term პროზა
942 ## - ADDED ENTRY ELEMENTS (KOHA)
Koha item type წიგნი
ეგზემპლარები
Withdrawn status Lost status Damaged status Not for loan Date acquired Barcode Date last seen Price effective from Koha item type
        2018-12-17 37790 2018-12-17 2018-12-17 წიგნი
        2018-12-17 37791 2018-12-17 2018-12-17 წიგნი